Vedenie organizácie budúcnosti (vrcholný manažment a jeho schopnosti v ére internetu)

Vzťah medzi manažmentom, informáciami a informačnými technológiami. Manažérske schopnosti budúcnosti. Riadenie talentu, komunikácie, aliancií a spolupráce.

Uložené v:
Podrobná bibliografia
Hlavný autor: Luknič, Arnold Steve
Médium: Kapitola
Jazyk:Slovak
Predmet:
Tagy: Pridať tag
Žiadne tagy, Buďte prvý, kto otaguje tento záznam!

MARC

LEADER 00000naa a2200000 4500
001 r048181
005 20231003082850.9
041 0 |a slo 
044 |a SK 
245 1 0 |a Vedenie organizácie budúcnosti (vrcholný manažment a jeho schopnosti v ére internetu)  |c Arnold Steve Luknič 
520 |a Vzťah medzi manažmentom, informáciami a informačnými technológiami. Manažérske schopnosti budúcnosti. Riadenie talentu, komunikácie, aliancií a spolupráce. 
610 2 0 |a schopnosti pracovné 
610 2 0 |a manažment 
610 2 0 |a riadenie vrcholové 
610 2 0 |a technológie informačné 
610 2 0 |a technológie komunikačné 
610 2 0 |a informácie 
610 2 0 |a internet 
610 2 0 |a komunikácia manažérska 
100 1 |a Luknič, Arnold Steve